000 00894cai a22002055a 4500
001 L156066
008 120427u2012 xxk g 000 0 eng d
035 _a(Sirsi) u156066
041 0 _aeng
110 2 _aCanada Office of Energy Efficiency
_96051
245 0 0 _aCanada Office of Energy Efficiency
_h[electronic resource]
260 _aOttawa
_bOEE
_c2012
520 _aWebsite for the Office of Energy Efficiency (OEE) which is Canada's centre of excellence for energy, efficiency and alternative fuels information. The OEE is mandated to strengthen and expand Canada's commitment to energy efficiency in order to help address the Government of Canada's policy objectives
590 _aKA
651 4 _aCanada
690 _aEnergy
_96237
690 _aEnvironment
_96238
856 4 0 _uhttps://oee.nrcan.gc.ca/17024
_zView the website free of charge at http://oee.nrcan.gc.ca
942 _n0
999 _c120976
_d120976